Perestroika: nuevas ideas para nuestro país y el mundo
Gespeichert in:
| 1. Verfasser: | |
|---|---|
| Format: | Buch |
| Sprache: | Spanisch |
| Veröffentlicht: |
Buenos Aires
Emecé
1987
|
| Ausgabe: | 1a. ed |
| Schlagworte: | |
| Tags: |
Tag hinzufügen
Keine Tags, Fügen Sie den ersten Tag hinzu!
|
MARC
| LEADER | 00000cam a2200000 a 4500 | ||
|---|---|---|---|
| 001 | UCW8579 | ||
| 003 | CL-VaPUC | ||
| 008 | 881006e19870000AG |||||||||||||||||spa|d | ||
| 020 | |a 9500407272 | ||
| 082 | 0 | 4 | |a 323 |b GOR |2 21 |
| 100 | |a Gorbachov, Mijaíl |e author |9 318963 | ||
| 245 | 1 | 0 | |a Perestroika: nuevas ideas para nuestro país y el mundo |
| 250 | |a 1a. ed | ||
| 300 | |a 300 p | ||
| 942 | |c BK | ||
| 945 | |d 19881006 00:00:00 | ||
| 260 | |a Buenos Aires |b Emecé |c 1987 | ||
| 650 | 0 | |a Política y gobierno |9 255151 | |
| 650 | 0 | |a Relaciones Exteriores |9 255379 | |
| 651 | 0 | |a Unión Soviética |9 256769 | |
| 583 | |a last modification |c 20151103 12:08:20 |k Rodrigo Vera | ||
| 999 | |c 220912 |d 220910 | ||
| 952 | |0 0 |1 0 |4 0 |6 323_000000000000000_GOR_1987 |7 0 |8 A |9 213725 |a BIBENE |b BIBENE |d 2019-11-15 |i 2820307 |o 323 GOR 1987 |p 2820307 |r 2025-01-15 |w 2019-11-15 |y BK |k ICO | ||
| 952 | |0 0 |1 0 |4 0 |6 323_000000000000000_GOR_1987 |7 0 |8 A |9 213726 |a BIBHIS |b BIBHIS |d 2019-11-15 |i 2820315 |o 323 GOR 1987 |p 2820315 |r 2025-01-20 |w 2019-11-15 |y BK |k HIS | ||
| 952 | |0 0 |1 0 |4 0 |6 323_000000000000000_GOR_1987 |7 0 |8 A |9 213727 |a BIBHIS |b BIBHIS |d 2019-11-15 |i 2820323 |o 323 GOR 1987 |p 2820323 |r 2025-01-20 |w 2019-11-15 |y BK |k HIS | ||
| 952 | |0 0 |1 0 |3 erb |4 0 |6 323_000000000000000_GOR_1987 |7 0 |8 A |9 213728 |a BIBHIS |b BIBHIS |i 5210062 |o 323 GOR 1987 |p 5210062 |r 2025-01-20 |w 2019-11-15 |y BK |z Catalogado en:20151106 |k HIS | ||